USA Formula One Grand Prix Circuits - Statistics

General Stats
  • This quiz has been taken 1,723 times
    1,573 since last reset
  • The average score is 7 of 11
Answer Stats
Hint Answer % Correct
2012- Austin
95%
1950 - 1960 Indianapolis
88%
2000-2007 Indianapolis
88%
1981-1982 Caesars Palace
83%
1982-1988 Detroit
66%
1984 Fair Park
61%
1976-1983 Long Beach
53%
1961-1980 Watkins Glen
52%
1989-1991 Phoenix
47%
1959 Sebring
36%
1960 Riverside
22%
No matching quizzes found
Score Distribution
Percent of People with Each Score
Percentile by Number Answered
Your Score History
You have not taken this quiz since the last reset